000 00745cam a22002534a 4500
001 15124950
005 20180109040938.0
008 080102s2009 cauab 001 0 eng
010 _a 2007052356
020 _a9780321489845
020 _a0321489845
035 _a(OCoLC)ocn187300308
035 _a(OCoLC)187300308
040 _aDLC
_cDLC
_dYDX
_dYDXCP
_dBAKER
_dDLC
041 _aeng
080 _a570
082 0 0 _a570 CAM
_222
100 _a11
101 _aBIO
245 0 0 _aBiology :
_cNeil A. Campbell ... [et al.].
906 _a7
_bcbc
_corignew
_d1
_eecip
_f20
_gy-gencatlg
942 _2ddc
_cBK
999 _c39859
_d39859